El renacimiento: formación y crisis del modelo clásico
Saved in:
| Hovedforfatter: | |
|---|---|
| Andre forfattere: | |
| Format: | Bog |
| Sprog: | spansk |
| Udgivet: |
Madrid
Istmo
1980
|
| Serier: | Coleccón Fundamentos, 69
|
| Fag: | |
| Tags: |
Tilføj Tag
Ingen Tags, Vær først til at tagge denne postø!
|
MARC
| LEADER | 00000nam a2200000 a 4500 | ||
|---|---|---|---|
| 001 | UCQ9868 | ||
| 003 | CL-VaPUC | ||
| 005 | 20231109114850.0 | ||
| 008 | 990127e19800000SP |||||||||||||||||spa|d | ||
| 999 | |c 278768 |d 278766 | ||
| 040 | |c Pontificia Universidad Católica de Valparaíso | ||
| 082 | 0 | 4 | |a 701 |b NIE |2 21 |
| 100 | |a Nieto Alcaide, Víctor |e autor |9 454526 | ||
| 245 | 1 | 3 | |a El renacimiento: formación y crisis del modelo clásico |
| 260 | |a Madrid |b Istmo |c 1980 | ||
| 300 | |a 398 p | ||
| 490 | 0 | |a Coleccón Fundamentos, 69 | |
| 583 | |a last modification |c 20120930 10:27:49 |k Rodrigo Vera | ||
| 650 | 0 | |a Filosofía del arte |9 264951 | |
| 650 | 7 | |a LENGUAJE DEL ARTE |2 CL-VaPUC |9 424573 | |
| 650 | 0 | |a Humanismo cristiano |9 257489 | |
| 650 | 7 | |a CLASICISMO |2 CL-VaPUC |9 268682 | |
| 650 | 0 | |a Manierismo |9 268679 | |
| 700 | |a Checa Cremades, Fernando |e autor |9 875845 | ||
| 942 | |c BK |2 ddc | ||
| 945 | |d 19990127 00:00:00 |a cmena | ||
| 952 | |0 0 |1 0 |4 0 |6 701_000000000000000_NIE_1980 |7 0 |8 A |9 317532 |a FDOPOS |b FDOPOS |d 2019-11-20 |i 1318454 |o 701 NIE 1980 |p 1318454 |r 2025-01-22 |w 2019-11-20 |y BK |k MLH | ||
| 952 | |0 0 |1 0 |4 0 |6 701_000000000000000_NIE_1980 |7 0 |8 A |9 317533 |a BIBHIS |b BIBHIS |d 2019-11-20 |i 1359819 |o 701 NIE 1980 |p 1359819 |r 2025-01-20 |w 2019-11-20 |y BK |k HIS | ||
| 952 | |0 0 |1 0 |4 0 |6 701_000000000000000_NIE_1980 |7 0 |8 A |9 317534 |a BIBART |b BIBART |d 2019-11-20 |i 1206451 |o 701 NIE 1980 |p 1206451 |r 2025-03-13 |w 2019-11-20 |y BK |k ART | ||